00704nam a2200217Ia 4500003000900000008004100009020001800050040001600068080001300084100002600097245006200123260003500185300001500220650002900235650002600264650003600290650004900326942000700375999001500382952008900397IN-BaIIA211028s9999 xx 000 0 eng d a0-12-395050-3 cIIA Library a535bKAM aKaminow, Ivan P98073 3aAn Introduction to electro optic devicescIvan P. Kaminow aNew YorkbAcademic Pressc1974 axiv, 409p. a Crystal optics 98074 a Dielectrics 98075 a Electro-optical devices98076 aAstronomy and astrophysics thesaurus 91143 cBK c4584d4584 00104070aBANbBANcGENd1974-12-17l0o535/ KAMp5114r2021-11-05w1974-12-17yBK